000 00659nam a2200241 a 4500
008
020 _a0073191647 (hbk.)
049 _aMAIN
090 _aTK7868.L6
_bMAR
100 1 _aMarcovitz, Alan B.
245 1 0 _aIntroduction to logic design /
_cAlan B. Marcovitz.
250 _a3rd ed.
260 _aBoston :
_bMcGraw-Hill,
_c2010.
300 _axii, 637 p. :
_bill. ;
_c24 cm.
500 _aIncludes Index.
650 _aLogic design.
650 1 _aLogic circuits.
907 _a.b10288569
_b14-06-11
_c13-12-10
003
005 20230123125153.0
040 _cNUST
942 _cBOOKS
_kTK7868.L6
_mMAR
999 _c136928
_d136928